000 00309nam a22001457a 4500
008 210222b ||||| |||| 00| 0 eng d
020 _a2900195380230
041 _aeng
080 _23rd
_a316
082 _a316
100 _a50
101 _aSOC
245 _aSocial Problems
_cHeiner, R
942 _2udc
_cBK
999 _c55102
_d55102